Thúc đẩy quan hệ thương mại - đầu tư giữa liên hiệp Châu Âu và Việt Nam trong những năm đầu thế kỷ XXI /
Saved in:
| Format: | Book (Paper) |
|---|---|
| Language: | Vietnamese |
| Published: |
H. :
Khoa học xã hội,
2001
|
| Tags: |
Add Tag
No Tags, Be the first to tag this record!
|
| Institutions: | Thư viện Trường Đại học Đà Lạt |
|---|
| LEADER | 00740nam a2200265 4500 | ||
|---|---|---|---|
| 001 | DLU030023733 | ||
| 003 | ##DLU | ||
| 005 | ##20021230 | ||
| 008 | ##021230t vn z000 vie d | ||
| 040 | # | # | |a DLU |b vie |
| 041 | # | # | |a vie |
| 044 | # | # | |a vn |
| 082 | # | # | |a 337.405 97 |b Thu |
| 245 | # | # | |a Thúc đẩy quan hệ thương mại - đầu tư giữa liên hiệp Châu Âu và Việt Nam trong những năm đầu thế kỷ XXI / |c Bùi Huy Thoát chủ biên |
| 260 | # | # | |a H. : |b Khoa học xã hội, |c 2001 |
| 300 | # | # | |a 264 tr. ; |c 21 cm |
| 992 | # | # | |a 26000 |
| 994 | # | # | |a DLU |
| 900 | # | # | |a True |
| 911 | # | # | |a Phan Ngọc Đông |
| 925 | # | # | |a G |
| 926 | # | # | |a A |
| 927 | # | # | |a SH |
| 980 | # | # | |a Thư viện Trường Đại học Đà Lạt |